00367nam a2200121 4500008004100000100001900041245011800060260000900178300001300187650001500200650001700215773001300232190822b ||||| |||| 00| 0 eng d aShahid, Shadma aExploring motivational factors and brand equity as drivers of luxury consumer buying behavior: an empirical study c2019 ap.42-50. aMotivation aBrand equity aAbhigyan